| 000 | 00465nam a2200157Ia 4500 | ||
|---|---|---|---|
| 005 | 20250620034224.0 | ||
| 008 | 240331s9999 xx 000 0 und d | ||
| 020 | _a9789551468064 | ||
| 082 |
_bBAS _a322 |
||
| 100 | _aBasil, F | ||
| 245 | 0 | _aManawa Himikam Pahana | |
| 260 |
_aSri Lanka _bPeople's Alliance for the Elimination of Torture in Sri Lanka Asian human Rights Commission _c2007 |
||
| 300 | _a151 p ., | ||
| 500 | _aA book on Human Rights Lamp | ||
| 942 | _cL | ||
| 999 |
_c5747 _d5747 |
||